000 00954cam a2200277 4500
001 B526
008 090401t1984 xxu||||| |||| 00| 0 eng d
035 _a(Sirsi) u36348
041 _aeng
050 _a526.9028
110 _aRoyal Institution of Chartered Surveyors
_94900
245 _aLand surveyors information package 8 : atmospheric refraction effects on terrestrial measurements
260 _aLondon
_bRoyal Institution of Chartered Surveyors
_c1984
300 _a5 items in folder ; 30cm.
350 _a3
520 _aPapers by Angus-Leppan,P.V. ; Brunner,F.K. ; Dodson,A.H. ; Iliffe,J.C. ; Hugget- t,G.R. ; Slater,L.E. Holdahl,S.R.
650 _aATMOSPHERIC TEMPERATURE MODELS
650 _aEDM
650 _aLEVELLING REFRACTION
650 _aMULTIWAVELENGTH DISTANCE MEASUREMENT
650 _aREFRACTION
650 _aTEMPERATURE STRATIFICATION
650 _aVERTICAL REFRACTION ANGLE
942 _n0
948 _c04/03/1997
999 _c90255
_d90255